000 00722cam a22002413a 4500
001 13198
003 PGUSA
005 20140828083302.0
008 040817s2004||||xxu|||||s|||||000 | eng d
040 _aPGUSA
_beng
042 _adc
050 4 _aPQ
100 1 _aSand, George,
_d1804-1876
245 1 0 _aNouvelles lettres d'un voyageur
_h[electronic resource] /
_cGeorge Sand
260 _bProject Gutenberg,
_c2004
506 _aPublic domain in the USA.
516 _aElectronic text
653 _aNovelists, French -- 19th century -- Correspondence
653 _aSand, George, 1804-1876 -- Correspondence
830 0 _aProject Gutenberg
_v13198
856 4 0 _uhttp://www.gutenberg.org/ebooks/13198
942 _cEB
999 _c242453
_d242453